| 000 | 00633nam a2200241Ia 4500 | ||
|---|---|---|---|
| 005 | 20250425161731.0 | ||
| 008 | 250425s9999 xx 000 0 und d | ||
| 020 | _a9682436877 | ||
| 041 | _aspa | ||
| 082 | _a631 | ||
| 100 | _aBERLIJN, JOHAN D. | ||
| 245 | 0 | _aPREPARACIÓN DE TIERRAS AGRÍCOLAS | |
| 250 | _a2A ED. ; 1A REIMP. | ||
| 260 |
_aMéxico _bSEP, FAO, PNUD _c1991 |
||
| 260 |
_aMEXICO _bTRILLAS : SEP |
||
| 300 | _a53 | ||
| 500 | _aMANUALES PARA EDUCACIÓN AGROPECUARIA. MECÁNICA AGRÍCOLA | ||
| 650 | _aAGRICULTURA | ||
| 650 | _aCULTIVOS | ||
| 650 | _aMECANICA AGRICOLA | ||
| 942 | _c01 | ||
| 010 | _a26905 | ||
| 999 |
_c215014 _d215014 |
||